| 000 | 00597nam a22002057a 4500 | ||
|---|---|---|---|
| 999 |
_c9401 _d9401 |
||
| 003 | AR-CdUCM | ||
| 008 | 190327b ||||| |||| 00| 0 spa d | ||
| 040 |
_aMUNICIPALIDAD PROVINCIAL DEL CUSCO _cBIBLIOTECA MUNICIPAL DEL CUSCO |
||
| 082 |
_a869.56 / _bP43 |
||
| 100 |
_aPeña, Ricardo _925574 |
||
| 245 | _aCántico lineal / | ||
| 260 |
_aLima : _bRevista signo, _c1943. |
||
| 300 |
_a95 paginas ; _c17 cm. |
||
| 500 | _aDonación familia Nieto. | ||
| 505 | _aContenido :Cántico lineal. | ||
| 650 |
_aPoesía peruana _9806 |
||
| 650 |
_aLiteratura _983 |
||
| 942 |
_2ddc _cLIBROS |
||
| 945 | _arum | ||